| 000 | 00765nam a22002415i 4500 | ||
|---|---|---|---|
| 001 | 67057 | ||
| 003 | ES-MaACL | ||
| 005 | 20250806062525.0 | ||
| 007 | t| | ||
| 008 | 921217s1992 sp ||||0| spa d | ||
| 020 | _a84-00-07308-8 | ||
| 040 |
_aM-BN _bspa _cM-BN |
||
| 080 | _a929(=1.410:460.27 M.) | ||
| 100 | 1 |
_aMontero Vallejo, Manuel. _982540 |
|
| 245 | 1 | 0 |
_aRecuerdos ingleses en Madrid / _cManuel Montero Vallejo. |
| 260 |
_a[Madrid] : _bInstituto de Estudios Madrileños, _c1992. |
||
| 300 |
_a45 p., [6] p. de lám ; _c21 cm. |
||
| 650 | 1 | 4 |
_aBritánicos- _zMadrid. _910619 |
| 650 | 1 | 4 |
_aViajeros británicos- _zMadrid. _917774 |
| 710 | 2 |
_aInstituto de Estudios Madrileños _94916 |
|
| 852 |
_aES-MaACL _j2171-F-12 _bR.121144 |
||
| 999 |
_c67057 _d67057 |
||